Loading...
| Science - Biology | 0 | 5 | 1 | 0 | 45 | 55 | 88.40 | 1 | 5 |
| Mythology | 1 | 1 | 0 | 0 | 25 | 59 | 73.00 | 2 | 2 |
| Literature - British Literature | 0 | 2 | 0 | 0 | 20 | 107 | 110.50 | 1 | 1 |
| Science - Physics | 0 | 2 | 1 | 0 | 15 | 69 | 80.50 | 0 | 2 |
| History - American History | 1 | 0 | 0 | 0 | 15 | 62 | 62.00 | 1 | 1 |
| Literature - World Literature | 0 | 1 | 0 | 0 | 10 | 102 | 102.00 | 0 | 1 |
| Fine Arts - Visual Fine Arts | 1 | 0 | 1 | 0 | 10 | 68 | 68.00 | 1 | 1 |
| History - World History | 0 | 1 | 0 | 1 | 10 | 129 | 129.00 | 0 | 0 |
| Religion | 0 | 1 | 0 | 0 | 10 | 122 | 122.00 | 0 | 1 |
| Science - Chemistry | 0 | 2 | 2 | 1 | 10 | 92 | 113.50 | 1 | 1 |
| Science - Other Science | 0 | 1 | 0 | 1 | 10 | 135 | 135.00 | 0 | 1 |
| History - Other History | 1 | 0 | 2 | 0 | 5 | 39 | 39.00 | 1 | 1 |
| Fine Arts - Other Fine Arts | 0 | 0 | 1 | 0 | -5 | 0.00 | 0 | 0 |